Problems & Solutions in Electronics & communication engineering / (Record no. 191018)

000 -LEADER
fixed length control field 01079 a2200169 4500
003 - CONTROL NUMBER IDENTIFIER
control field Nust
005 - DATE AND TIME OF LATEST TRANSACTION
control field 20221118084902.0
040 ## - CATALOGING SOURCE
Transcribing agency Nust
082 ## - DEWEY DECIMAL CLASSIFICATION NUMBER
Classification number 621.38,RAM
100 ## - MAIN ENTRY--PERSONAL NAME
Personal name Ramabhadran S
9 (RLIN) 57784
245 ## - TITLE STATEMENT
Title Problems & Solutions in Electronics & communication engineering /
Statement of responsibility, etc. S. Ramabhadran
260 ## - PUBLICATION, DISTRIBUTION, ETC.
Place of publication, distribution, etc. New Delhi
Name of publisher, distributor, etc. satya parakashan
Date of publication, distribution, etc. 1993
300 ## - PHYSICAL DESCRIPTION
Extent x, 824p
505 ## - FORMATTED CONTENTS NOTE
Formatted contents note Circuit theory (Page-1), Attenuators and Filters (Page-49), Transmission Lines and Wave Guides (Page-66), Vacuum and Gas Devices and Circuits (Page-119), Semiconductor Physics and Integrated Circuits (Page-211), Junction Diodes (Page-229), Bipolar Transistor Circuits (Page-237), Rectifiers Regulators and Control Circuits (Page-431), Switching Logic and Computer Circuits (Page-452), Field Effect Transistors and Circuits (Page-612), Acoustics and Electro-acoustics (Page-676), Noise Considerations (Page-699), Antennae and Radiation (Page-710), E. M. Wave Propagation (Page-720), Communication Theory (Page-727).
650 ## - SUBJECT ADDED ENTRY--TOPICAL TERM
Topical term or geographic name entry element Problems & Solutions in Electronics
9 (RLIN) 102997
942 ## - ADDED ENTRY ELEMENTS (KOHA)
Source of classification or shelving scheme
Koha item type Book
Holdings
Withdrawn status Lost status Source of classification or shelving scheme Damaged status Not for loan Permanent Location Current Location Shelving location Date acquired Full call number Barcode Date last seen Price effective from Koha item type Public note
          Military College of Signals (MCS) Military College of Signals (MCS) General Stacks 12/12/2016 621.38,RAM MCS829 12/08/2016 12/12/2016 Book Almirah No.30, Shelf No.5
© 2023 Central Library, National University of Sciences and Technology. All Rights Reserved.